Estatutos
Descripción Física:
29 p. ; 15 cm
MARC
| LEADER | 00000nam a2200000Ia 4500 | ||
|---|---|---|---|
| 001 | 17509 | ||
| 003 | BGR | ||
| 005 | 20260410113648.0 | ||
| 008 | 160829s1927 xx 000 0 cat d | ||
| 080 | |a RF-15-37 | ||
| 110 | 2 | |a Asociación Mundial para la Defensa de la Mujer (Barcelona) |9 70538 | |
| 245 | |a Estatutos | ||
| 260 | |a Barcelona : |b Atenas A. G., |c 1927 | ||
| 300 | |a 29 p. ; |c 15 cm | ||
| 590 | |a Prové de 3910, exp. 125 | ||
| 650 | |a Dones |x Associacions |9 47045 | ||
| 650 | |a Associacions, institucions, etc. |x Barcelona |9 25511 | ||
| 856 | 4 | |u https://media.diba.cat/diba/fitxers/arxiu/fulletons/bib_17509_1927_baixa.pdf |y Accés lliure | |
| 856 | 4 | |u https://media.diba.cat/diba/fitxers/arxiu/fulletons/bib_17509_1927_baixa.pdf |y Accés lliure | |
| 900 | |a bib_17509_1927_baixa.pdf | ||
| 901 | |a Arxiu | ||
| 942 | |n 1 |2 udc |c MON | ||
| 952 | |0 0 |1 0 |4 0 |6 RF1537 |7 1 |9 53624 |a Arxiu |b Arxiu |d 2016-12-01 |l 0 |o RF-15-37 |p 17509 |r 2016-12-01 00:00:00 |w 2016-12-01 |y ARXIU | ||
| 999 | |c 57490 |d 57490 | ||